000 00535nam a2200193 4500
003 OSt
005 20160330185522.0
008 160330b xxu||||| |||| 00| 0 eng d
020 _a1551111497
040 _c040a
082 _a320
_bJOH 1997
100 _aJohnston, Larry
_97498
245 _aPolitics :
_ban introduction to the modern democratic state /
_cLarry Johnston
260 _aOntario
_bBroadview Press
_c1997
300 _av, 491p;
_bill :
_c14 cm
504 _aIncludes index
650 _aPolitics
_95723
942 _2ddc
_cSLOAN
999 _c3351
_d3351